Gillian Anderson Filmography - Statistics

General Stats
  • This quiz has been taken 47 times
    12 since last reset
  • The average score is 26 of 131
Answer Stats
Type Year Name % Correct
TV Show 1993-2002, 2016-2018 The X-Files
100%
Film 1998 The X-Files
100%
Web Series 2019-2023 Sex Education
67%
TV Show 2013-2015 Hannibal
58%
Web Series 2020 The Crown
58%
TV Show 2013-2016 The Fall
58%
TV Show 1997 The Simpsons
58%
Film 2008 The X-Files: I Want to Believe
58%
TV Show 2017 American Gods
42%
Theater 2014-2016 A Streetcar Named Desire
42%
TV Show 2022 The First Lady
42%
Web Series 2021 The Great
42%
Film 2022 The Pale Blue Eye
42%
Film 2024 The Salt Path
42%
Film 2018 The Spy Who Dumped Me
42%
Film 2025 Tron: Ares
42%
Theater 2019 All About Eve
33%
TV Mini-Series 2011 Great Expectations
33%
Film 2011 Johnny English Reborn
33%
Film 1999 Princess Mononoke
33%
Short Film 2021 Robin Robin
33%
TV Short 2012 Room on the Broom
33%
Film 2024 Scoop
33%
Film 2006 The Last King of Scotland
33%
Film 1998 The Mighty
33%
Theater 1999-2000 The Vagina Monologues
33%
TV Show 2025 Trespasses
33%
TV Mini-Series 2016 War & Peace
33%
Film 2023 White Bird
33%
Theater 2009 A Doll's House
25%
TV Mini-Series 2010 Any Human Heart
25%
TV Mini-Series 2005 Bleak House
25%
Film 2009 Boogie Woogie
25%
TV Show 2014 Crisis
25%
Film 2017 Crooked House
25%
Music Video 1997 Extremis
25%
TV Show 1999 Frasier
25%
Film 2008 How to Lose Friends & Alienate People
25%
Film 2013 I'll Follow You Down
25%
TV Mini-Series 2011 Moby Dick
25%
Film 1998 Playing by Heart
25%
Film 2014 Robot Overlords
25%
Film 2007 Straightheads
25%
Web Series 2025 The Abandons
25%
Film 2000 The House of Mirth
25%
Video Game 1998 The X-Files Game
25%
Film 2018 UFO
25%
Film 2017 Viceroy's House
25%
Audiobook 2017 WE: A Manifesto for Women Everywhere
25%
Theater 1991 Absent Friends
17%
Film 2005 A Cock and Bull Story
17%
Audiobook 2015 A Dream of Ice
17%
Film TBA Animals
17%
Audiobook 2014 A Vision of Fire
17%
Film 1997 Chicago Cab
17%
TV Show 1993 Class of '96
17%
Film 2013 From Up on Poppy Hill
17%
Documentary Series 1996 Future Fantastic
17%
Film 2013 Mr. Morgan's Last Love
17%
TV Show 1996 ReBoot
17%
TV Show 2014 Robot Chicken
17%
TV Show 2017 Ronja, the Robber's Daughter
17%
Film 2012 Shadow Dancer
17%
Film 2012 Sister
17%
Film 2014 Sold
17%
Film TBA Teenage Sex and Death at Camp Miasma
17%
TV Mini-Series 2011 The Crimson Petal and the White
17%
Short Film 2014 The Departure
17%
Film TBA The Julia Set
17%
Film 2005 The Mighty Celt
17%
Theater 1992 The Philanthropist
17%
Film 2019 The Sunlit Night
17%
Film 1992 The Turning
17%
Video Game 2004 The X-Files: Resist or Serve
17%
Radio Play 2007 84, Charing Cross Road
8%
Theater 1990 A Flea in Her Ear
8%
Radio Series 2015 A History of Ideas
8%
Short Film 1988 A Matter of Choice
8%
Documentary Series 2011 America in Primetime
8%
Theater 1983 Arsenic and Old Lace
8%
Audiobook 2015 Christmas Car Selection
8%
TV Special 2007 Concert for Diana
8%
TV Show 1995 Eek! The Cat
8%
Audiobook 1992 Exit to Eden
8%
TV Special 2012 FOX 25th Anniversary Special
8%
TV Show 1999 Harsh Realm
8%
Video Game 1996 Hellbender
8%
TV Show 1996-2002 Hollywood Squares
8%
TV Show 2002 Hollywood Squares
8%
Theater 2013, 2016 Letters Live
8%
Audiobook 2012 L'Ingratitude
8%
TV Documentary 2007 Marc Jacobs & Louis Vuitton
8%
TV Show 2008 Masterpiece
8%
Podcast 2024 Modern Love
8%
TV Film 2014 National Theatre Live: A Streetcar Named Desire
8%
Short Film 2010 No Pressure
8%
TV Short 2007 Robbie the Reindeer
8%
TV Special 2020 Song in the Key of X
8%
TV Documentary 1996 Spies Above
8%
Video Game 2026 Squadron 42
8%
Web Series 2024 Storyline Online
8%
Audiobook 2010 Sum: Forty Tales from the Afterlives
8%
Documentary 2017 The Artist's Garden: American Impressionism
8%
Audiobook 2009 The Guardian of the Pool: A Story from Nelson Mandela's Favorite African Folktales
8%
Audiobook 2012 The Last Act
8%
Documentary Series 2020 The Savoy
8%
Audiobook 2016 The Sound of Seas
8%
Documentary Series 2020 The South Bank Show
8%
Theater 2004 The Sweetest Swing in Baseball
8%
Film TBA The Turning Door
8%
Documentary 2015 The Widowmaker
8%
Audiobook 2017 The X-Files: Cold Cases
8%
Audiobook 1997 The X-Files: Ground Zero
8%
Audiobook 2017 The X-Files: Stolen Lives
8%
Documentary 2018 This Changes Everything
8%
Short Film 1986 Three at Once
8%
TV Show 2015 Top Gear
8%
Theater 2010 We Are One: A Celebration of Tribal Peoples
8%
Theater 2002-2003 What the Night Is For
8%
TV Documentary 1996 Why Planes Go Down
8%
Ballet Voiceover 2015 Woolf Works
8%
Documentary Mini-Series 1998 Bravo Profiles: The Entertainment Business
0%
Music Video 1999 David Duchovny
0%
Commercial 1990 Hardee's
0%
Commercial 2016 Hilton Hotels
0%
TV Documentary 1998 Inside the X-Files
0%
TV Special 2002 Richard Rogers: Some Enchanted Evening
0%
TV Documentary 1996 Secrets of the X-Files, Part 2
0%
TV Special 2000 The Ultimate Auction
0%
TV Special 1998 The X-Files Movie Special
0%
Short Documentary 2008 Undercover Footage Shows Rabbit Screaming During Slaughter
0%
No matching quizzes found
Score Distribution
Percent of People with Each Score
Percentile by Number Answered
Your Score History
You have not taken this quiz since the last reset